000 00290nam a2200121Ia 4500
008 190216s9999||||xx |||||||||||||| ||und||
100 _aDr.Tulsian P C
245 0 _aFinancial Management For Ca-Pcc/Ipcc
260 _bS Chand & Co
_c2010
300 _a1350
650 _aCommerce
942 _cBK
999 _c7506
_d7506